000 01524nam a22003857a 4500
003 CHAP
005 20220329141027.0
008 971013s1975 sv a r 00010 spa d
010 _a61504
011 _a62476
035 _a66650
040 _cCHAP
082 _a580.7284
_bC5 1975
100 0 0 _aChoussy, Félix.
_922889
245 1 0 _aFlora salvadoreña
_c/por Félix Choussy
250 _a2 ed.
260 _aSan Salvador :
_bUniversitaria,
_c1975-
300 _a5 v. :
_bilus.
500 _aLa biblioteca tiene : v.1, v.2, v.3, v.4
590 _aBATCH-UPD
_b10
_c20130110
_lUCH01
_h1627
590 _aBATCH-UPD
_b10
_c20130410
_lUCH01
_h1021
590 _aBATCH-UPD
_b10
_c20130914
_lUCH01
_h0735
590 _aCONVERSION
_b10
_c20130109
_lUCH01
_h1333
650 1 4 _aBotánica
_xEl Salvador.
_914536
901 _aBK
942 _cLIBRO
949 _a580.7284 C5 1975
_bBC
_cC
_d33724000603387
_eC
_fv.2
_h91236
_i66650
_si
949 _a580.7284 C5 1975
_bBC
_cC
_d33724000603486
_eC
_fv.4
_h91238
_i66650
_si
949 _a580.7284 C5 1975
_bBC
_cC
_d33724000625281
_eC
_fv.1
_h91269
_i66650
_si
949 _a580.7284 C5 1975
_bBC
_cC
_d33724000916128
_eC
_fv.3
_h91237
_i66650
_si
949 _a580.7284 C5 1975
_bBC
_cC
_d33724002175397
_eC
_fv.1 c.2
_h11692
_i66650
_sb
949 _a580.7284 C5 1975
_bBC
_cC
_d33724002175842
_eC
_fv.2 c.2
_h112676
_i66650
_sb
949 _a580.7284 C5 1975
_bBC
_cC
_d33724002231819
_eC
_fv.3 c.2
_gDonaciØn
_h114172
_i66650
_sb
949 _a580.7284 C5 1975
_bBC
_cC
_d33724002232439
_eC
_fv.4 c.2
_gDonaciØn
_h114183
_i66650
_sb
999 _c61504
_d61504